00589nam a22002057a 450000500170000000800410001701000150005802000110007303500130008403700130009704000130011008200160012310000030013924501420014226000470028427000200033130000260035165000030037770000030038020110823163936.0110823t xxu||||| |||| 00| 0 eng d aENG-103572 c149.00 aEN-87105 bDBAD/PUB aDPLbEng a338.5024658  aRahul's topper's voice M.B.A I year I semester (JNTU, Hyderabad) managerial economics :bstudy manual , solved previous question papers aHyderabad bRahul Publications c2010-2011 bHyderabad e195 aiv,168p. c24cm (pbk)